[Event "Eger"]
[Site "Eger"]
[Date "1995.??.??"]
[Round "?"]
[White "Titz, Heimo"]
[Black "Srebrnic, Vojko"]
[Result "1/2-1/2"]
[WhiteElo "2345"]
[BlackElo "2230"]

1.c4 e5 2.g3 f5 3.Bg2 Nf6 4.d3 Bb4+ 5.Bd2 Bxd2+ 6.Qxd2 d6 7.Nc3 O-O 8.Nf3 c6
9.O-O a5 10.a3 a4 11.Qc2 Qa5 12.Nd2 Nbd7 13.b4 axb3 14.Nxb3 Qc7 15.a4 f4
16.a5 Qd8 17.a6 fxg3 18.hxg3 Ng4 19.Bf3 Ndf6 20.axb7 Bxb7 21.Ne4 Nxe4 22.Rxa8 Bxa8
23.Bxg4 Ng5 24.c5 d5 25.Nd2 Bb7 26.Nf3 Bc8 27.Nxe5 Bxg4 28.Nxg4 Qd7 29.f3 h5
30.Nf2 Ne6 31.Qc3 Qc7 32.Nh1 d4 33.Qc4 Qe5 34.f4 Qe3+ 35.Rf2 Rf5 36.Qa2 Rxc5
37.Kg2 Rd5 38.Qa8+ Nd8 39.Qc8 Qe7 40.g4 h4 41.g5 g6 42.Qg4 c5 43.Qxh4 c4
44.dxc4 Rc5 45.Ng3 Nf7 46.Qg4 Rxc4 47.Qf3 Rc8 48.Qe4 Qd6 49.Rf3 Rc3 50.Rd3 Rxd3
51.exd3 Nd8 52.f5 Kf7 53.Ne2 gxf5 54.Qxf5+ Kg8 55.Nf4 Nf7 56.Ne6 Qe5 57.Qg6+ Kh8
58.Qh5+ Kg8 59.Qg4 Qd5+ 60.Kf2 Ne5  1/2-1/2

[Event "Elgoibar"]
[Site "Elgoibar"]
[Date "1995.??.??"]
[Round "8"]
[White "Kosten, Anthony C"]
[Black "Campora, Daniel H"]
[Result "1-0"]
[WhiteElo "2540"]
[BlackElo "2550"]

1.c4 e5 2.g3 g6 3.d4 Nc6 4.d5 Nce7 5.e4 d6 6.Nc3 f5 7.Bg2 Nf6 8.exf5 gxf5
9.Nge2 Bg7 10.f4 O-O 11.fxe5 dxe5 12.c5 Kh8 13.Qb3 f4 14.gxf4 e4 15.Nxe4 Nfxd5
16.O-O a5 17.Bd2 a4 18.Qc2 Ra6 19.N2g3 Nf5 20.Nxf5 Bxf5 21.Qc4 a3 22.bxa3 Bxe4
23.Qxe4 Rg6 24.Rad1 Nf6 25.Qf3 Ng4 26.h3 Ne5 27.Qe4 Qd3 28.Kh1 Rg3 29.Qxd3 Nxd3
30.Kh2 Rg6 31.Be4 Nb2 32.Bxg6 Nxd1 33.Be4 Re8 34.Re1 c6 35.Bf5 Rf8 36.Be6 Nb2
37.Rb1 Nd3 38.Be3 Nxf4 39.Bxf4 Rxf4 40.Rxb7 Bd4 41.Kg3 Rf6 42.Bb3 h5 43.a4 Bf2+
44.Kg2 Bxc5 45.h4 Rf4 46.a5 Rxh4 47.a6 Rg4+ 48.Kh3 Rg7 49.Bf7 Bf2 50.a7 Rg3+
51.Kh2 Ra3 52.Rb8+ Kg7 53.a8=Q Rxa8 54.Rxa8 Kxf7 55.Rh8 Ke6 56.Rxh5 Kd6 57.Kg2 Bd4
58.Kf3 Kc7 59.Ke4 Bb2 60.Rh3 Bc1 61.Rb3 Bd2 62.Kd4 Be1 63.Kc4 Bf2 64.Rf3 Bg1
65.Rf1 Be3 66.Rb1 Bf2 67.a4 Bb6 68.Rb2 Be3 69.a5 Ba7 70.a6 Bb6 71.Rb3 c5
72.Rh3 Ba7 73.Rh6 Kc8 74.Rh7 Kb8 75.Rg7 Ka8 76.Kb5 c4 77.Rg8+  1-0

[Event "RUS-ch"]
[Site "Elista"]
[Date "1995.??.??"]
[Round "8"]
[White "Ionov, Sergey"]
[Black "Lugovoi, Aleksei"]
[Result "1-0"]
[WhiteElo "2525"]
[BlackElo "2490"]

1.c4 e5 2.g3 Nc6 3.Bg2 Nf6 4.Nf3 g6 5.O-O Bg7 6.Nc3 O-O 7.d4 exd4 8.Nxd4 Nxd4
9.Qxd4 Re8 10.Qh4 Re5 11.Bf3 Qf8 12.Bg5 Re6 13.Nd5 Nxd5 14.cxd5 Rb6 15.Be7 Qe8
16.Rac1 h6 17.Rxc7 g5 18.Qe4 d6 19.Bg4 Bxb2 20.h4 Ra6 21.Qf3 Ra3 22.e3 Ra4
23.Bh5 g4 24.Qd1 Bd7 25.Bxd6 b6 26.Bf4 Rc8 27.Rxd7 Rxf4 28.Bxg4 Rc1 29.Qe2 Rxf1+
30.Kxf1 Qe4 31.Kg1 Qb1+ 32.Kh2 Rf6 33.Bf3 Qxa2 34.d6 Kg7 35.Rc7 Qa3 36.d7 Rd6
37.Qc4 Qd3 38.d8=Q Rxd8 39.Qxf7+ Kh8 40.e4  1-0

[Event "Eupen op rapid"]
[Site "Eupen"]
[Date "1995.??.??"]
[Round "5"]
[White "Becker, Marc"]
[Black "Hickl, Joerg"]
[Result "0-1"]
[WhiteElo "2405"]
[BlackElo "2535"]

1.c4 e5 2.g3 Nf6 3.Bg2 d6 4.Nc3 Be7 5.d3 O-O 6.e3 Nbd7 7.Nge2 a6 8.O-O Rb8
9.b3 b5 10.Bb2 Bb7 11.Bxb7 Rxb7 12.Qc2 c6 13.d4 Qa5 14.cxb5 axb5 15.Rfd1 Rc7
16.dxe5 dxe5 17.a4 bxa4 18.Rxa4 Qb6 19.Rc4 Rfc8 20.Na4 Qb7 21.Bc3 Qb5 22.Nc1 Rb7
23.Bb2 Bf8 24.Nc3 Qb6 25.Ne4 Qc7 26.Nxf6+ Nxf6 27.Qf5 Rb5 28.Kg2 Re8 29.Rd2  0-1

[Event "Euskadi-ch"]
[Site "Euskadi"]
[Date "1995.??.??"]
[Round "2"]
[White "Olaizola Ortega, Luis"]
[Black "Knorr, Jose"]
[Result "0-1"]
[WhiteElo "2350"]
[BlackElo "2215"]

1.g3 e5 2.c4 Nc6 3.Nc3 f5 4.Bg2 Nf6 5.e3 g6 6.Nge2 Bg7 7.O-O O-O 8.d4 e4
9.a3 d6 10.b4 g5 11.Rb1 Ne7 12.f3 exf3 13.Bxf3 Ng6 14.e4 fxe4 15.Nxe4 Nxe4
16.Bxe4 Rxf1+ 17.Qxf1 c6 18.Qf3 Qe7 19.Rb3 Bh3 20.Qe3 Re8 21.Bf3 g4 22.Bg2 Qf7
23.Qd3 Bxd4+ 24.Qxd4 Rxe2  0-1

[Event "Frydek-Mistek op-B"]
[Site "Frydek-Mistek"]
[Date "1995.??.??"]
[Round "?"]
[White "Shurygin, Sergey"]
[Black "Novikov, Yury"]
[Result "1-0"]
[WhiteElo "2295"]
[BlackElo "2245"]

1.c4 e5 2.g3 Nc6 3.Bg2 g6 4.Nc3 Bg7 5.Rb1 a5 6.a3 Nf6 7.b4 axb4 8.axb4 O-O
9.d3 Ne7 10.e4 c6 11.Qb3 d6 12.Nge2 Be6 13.O-O d5 14.exd5 cxd5 15.Bg5 dxc4
16.dxc4 Qc7 17.Nd5 Nfxd5 18.cxd5 Bg4 19.Rbc1 Qd8 20.d6 Qxd6 21.Rfd1 Qa6 22.b5 Qa5
23.Bxe7 Bxe2 24.Bxf8 Rxf8 25.Bxb7 Qxb5 26.Qxb5 Bxb5 27.Rc7 Be2 28.Rdd7 g5
29.f3 Bb5 30.Rd5 Ba4 31.Kg2 Bb3 32.Rb5 Be6 33.Bd5 Bxd5 34.Rxd5 Bf6 35.Rdd7 Kg7
36.Kf2 h5 37.Ke3 Kg6 38.Rc6 Kg7 39.Ke4 Ra8 40.Rd3 Re8 41.Rdd6 Be7 42.Rd7 g4
43.fxg4 hxg4 44.Kf5 e4 45.Rc4 Ba3 46.Rdd4 Rh8 47.Rc2 Rb8 48.Kxg4 e3 49.Re4 Rb4
50.Rxb4 Bxb4  1-0

[Event "Arnold Cup"]
[Site "Gausdal"]
[Date "1995.??.??"]
[Round "3"]
[White "Storland, Knut H"]
[Black "Wikstrom, Per"]
[Result "1-0"]
[WhiteElo "2215"]
[BlackElo "2080"]

1.c4 e5 2.g3 d6 3.Bg2 f5 4.d4 e4 5.f3 exf3 6.Nxf3 Nf6 7.O-O g6 8.Nc3 Bg7
9.Bg5 Nbd7 10.e4 fxe4 11.Nxe4 O-O 12.Qd3 Rf7 13.Rae1 Qf8 14.Nfd2 h6 15.Be3 Kh7
16.Rf4 Nh5 17.Rxf7 Qxf7 18.Rf1 Qe8 19.g4 Nhf6 20.g5 Ng8 21.gxh6 Bxh6 22.Ng5+ Bxg5
23.Bxg5 Nf8 24.Be4 Kg7 25.Qf3 Nh7 26.Bh4 Bf5 27.Bxb7 Rb8 28.Bc6 Qc8 29.b3 Qa6
30.Qc3 Rf8 31.Bg2 Nhf6 32.d5 Kh7 33.Bf2 Ng4 34.Bd4 Rf7 35.Ne4 Re7 36.Ng5+ Kh6
37.Ne6 Bxe6 38.dxe6 Rxe6 39.Bg7+ Kh7 40.Rf7 Re7 41.Qh3+  1-0

[Event "Arnold Cup"]
[Site "Gausdal"]
[Date "1995.??.??"]
[Round "4"]
[White "Leer Salvesen, Bjarte"]
[Black "Westerinen, Heikki MJ"]
[Result "1/2-1/2"]
[WhiteElo "2170"]
[BlackElo "2405"]

1.c4 e5 2.g3 Nc6 3.Bg2 Nge7 4.Nc3 g6 5.Nf3 Bg7 6.O-O O-O 7.Rb1 Nd4 8.e3 Nxf3+
9.Bxf3 c6 10.d4 d6 11.dxe5 dxe5 12.Qc2 f5 13.b3 Be6 14.Ba3 Qc7 15.Rbd1 Rad8
16.Bg2 Rxd1 17.Rxd1 Rd8 18.Rxd8+ Qxd8 19.Qd1 Qxd1+ 20.Nxd1 Kf7 21.Nc3 e4
22.Ne2 b5 23.Nf4 Bd7 24.f3 g5 25.Nh3 h6 26.fxe4 bxc4 27.bxc4 Be6 28.Bf1 fxe4
29.Bxe7  1/2-1/2

[Event "Geneve op"]
[Site "Geneve"]
[Date "1995.??.??"]
[Round "2"]
[White "Suba, Mihai"]
[Black "Peric, Slavisa"]
[Result "1-0"]
[WhiteElo "2475"]
[BlackElo "2220"]

1.c4 e5 2.g3 c6 3.d4 exd4 4.Qxd4 d5 5.Bg2 dxc4 6.Qxd8+ Kxd8 7.Nf3 Bb4+ 8.Bd2 Bxd2+
9.Nbxd2 f6 10.Nxc4 Kc7 11.Rc1 Ne7 12.O-O Nf5 13.e4 Nd6 14.Nxd6 Kxd6 15.e5+ fxe5
16.Rfd1+ Kc7 17.Re1 Re8 18.Nxe5 Be6 19.a3 a5 20.f4 a4 21.h4 Ra6 22.Nf3 Nd7
23.Nd4 Nf8 24.Bh3 Bf7 25.Nb5+ Kb6 26.Nd6 Rxe1+ 27.Rxe1 Bd5 28.Re7 Kc5 29.Nxb7+ Kd4
30.Re8 Rb6 31.Nd6 Rxb2 32.Rxf8 Rb3 33.Nf5+ Kc5 34.Bg2 g6 35.Ne7 Rxg3 36.Nxd5 cxd5
37.Kf2 Rxa3 38.Rf7 Rb3 39.Rxh7 a3 40.Ra7 Rb2+ 41.Kg3 a2 42.Bf3 Kc4 43.h5 gxh5
44.f5 d4 45.Bxh5 d3 46.f6 Rb6 47.f7 Rf6 48.Rxa2 Kc3 49.Rf2  1-0

[Event "Gent op"]
[Site "Gent"]
[Date "1995.??.??"]
[Round "7"]
[White "Jadoul, Michel"]
[Black "Vanderwaeren, Serge"]
[Result "1/2-1/2"]
[WhiteElo "2400"]
[BlackElo "2295"]

1.c4 e5 2.g3 Nc6 3.Bg2 g6 4.Nc3 Bg7 5.d3 d6 6.Rb1 Nh6 7.b4 O-O 8.b5 Nd4 9.e3 Ne6
10.Nge2 a6 11.a4 axb5 12.axb5 f5 13.Nd5 Bd7 14.O-O g5 15.f4 Nf7 16.g4  1/2-1/2

[Event "BL2-N9495"]
[Site "Germany"]
[Date "1995.??.??"]
[Round "?"]
[White "Schlemmermeyer, Wilhelm"]
[Black "Schian, Thomas"]
[Result "1/2-1/2"]
[WhiteElo "2340"]
[BlackElo "2215"]

1.c4 e5 2.g3 Nf6 3.Bg2 c6 4.d4 exd4 5.Qxd4 d5 6.cxd5 cxd5 7.Nf3 Nc6 8.Qa4 Bd6
9.O-O h6 10.Nc3 O-O 11.Rd1 Be6 12.Be3 a6 13.Nd4 Ne7 14.Nxe6 fxe6 15.Bh3 Kf7
16.Qb3 b5 17.Rac1 Re8 18.f4 g6 19.Bf2 b4 20.Na4 Ne4 21.Bb6 Qd7 22.Bg2 Nf6
23.Bd4 Qb5 24.e3 Rac8 25.Bf1 Qb7 26.Qd3 Ne4 27.Bg2 Rxc1 28.Rxc1 Rc8  1/2-1/2

[Event "BL2-O9495"]
[Site "Germany"]
[Date "1995.??.??"]
[Round "?"]
[White "Schunk, Thomas"]
[Black "Braun, Gottfried"]
[Result "1-0"]
[WhiteElo "2285"]
[BlackElo "2330"]

1.c4 e5 2.g3 f5 3.Bg2 Nf6 4.Nc3 Be7 5.d3 O-O 6.Nh3 d6 7.f4 Qe8 8.O-O Nc6
9.Nd5 Bd8 10.Bd2 Ne7 11.Nxe7+ Qxe7 12.a4 a5 13.b4 axb4 14.Bxb4 Ng4 15.Qd2 c6
16.e4 Bb6+ 17.Kh1 Bd4 18.Bc3 Ne3 19.Rfe1 Bxc3 20.Qxc3 Nxg2 21.Kxg2 fxe4 22.Nf2 exf4
23.Rxe4 Qg5 24.d4 Bd7 25.Rae1 Rxa4 26.Qb3 fxg3 27.hxg3 Ra7 28.Nd3 Bf5 29.Rf4 Rfa8
30.Re3 h6 31.Nf2 Kh7 32.Rff3 Bg6 33.Qb4 Qd8 34.Re6 d5 35.Rxg6 Ra1 36.Rg4 Qd7
37.Qc3 R8a2 38.Qd3+ Kg8 39.Rgf4 Qe7 40.cxd5 cxd5 41.Qf5  1-0

[Event "BL2-O9495"]
[Site "Germany"]
[Date "1995.??.??"]
[Round "?"]
[White "Schunk, Thomas"]
[Black "Kosten, Anthony C"]
[Result "0-1"]
[WhiteElo "2285"]
[BlackElo "2510"]

1.c4 e5 2.g3 Nc6 3.Bg2 g6 4.Nc3 Bg7 5.d3 d6 6.Rb1 a5 7.e3 h5 8.h3 Nh6 9.e4 Nd4
10.Nge2 Ne6 11.Be3 f5 12.d4 h4 13.d5 Ng5 14.Qd2 Ngf7 15.Rc1 O-O 16.Kd1 a4
17.Kc2 a3 18.b3 Bd7 19.Kb1 Qf6 20.Rhg1 Kh7 21.Rcd1 Rab8 22.Qc1 Ra8 23.Qc2 Kh8
24.Bf1 hxg3 25.fxg3 Ng5 26.Qc1 Nhf7 27.g4 f4 28.Bf2 c5 29.Rd3 Nh7 30.Nb5 Bh6
31.Nec3 Bg5 32.Qe1 Qd8 33.h4 Be7 34.g5 Kg7 35.Bh3 Bxh3 36.Rxh3 Rh8 37.Rd3 Qd7
38.Qc1 Bxg5 39.hxg5 Nhxg5 40.Be1 Rh2 41.Nxa3 Nxe4 42.Nc2 Nf6 43.Rd2 Rah8
44.Rdg2 Rxg2 45.Rxg2 g5 46.Qd2 g4 47.Rh2 Rxh2 48.Qxh2 Ng5 49.Ne2 Nf3 50.Qh1 Qf5
51.Kb2 Qh5 52.Qxh5 Nxh5 53.b4 Nxe1 54.Nxe1 f3 55.bxc5 f2 56.Nc2 f1=Q 57.cxd6 Nf6  0-1

[Event "BL2-S9495"]
[Site "Germany"]
[Date "1995.??.??"]
[Round "?"]
[White "Beikert, Guenther"]
[Black "Arnold, Lothar"]
[Result "0-1"]
[WhiteElo "2420"]
[BlackElo "2350"]

1.g3 e5 2.c4 Nf6 3.Bg2 c6 4.d4 exd4 5.Qxd4 d5 6.Nf3 Be7 7.cxd5 cxd5 8.O-O Nc6
9.Qd3 O-O 10.Nc3 Be6 11.Ng5 Qd7 12.Nxe6 fxe6 13.Bg5 Rad8 14.Rad1 Ng4 15.Bxe7 Qxe7
16.e3 Kh8 17.Qe2 Nf6 18.Rd2 Rd7 19.Rc1 Rfd8 20.Na4 Rd6 21.Nc5 Ne5 22.Rdc2 Rc6
23.f4 Nf7 24.Nd3 Rdc8 25.Rxc6 Rxc6 26.Rxc6 bxc6 27.Qc2 Qd6 28.Qa4 Qc7 29.Bh3 Nd8
30.Qd4 Kg8 31.b4 Nd7 32.e4 Qb6 33.Qxb6 Nxb6 34.Nc5 Kf7 35.Kf2 Ke7 36.Ke3 Nc4+
37.Kd4 Nd6 38.a4 dxe4 39.Nxe4 Nxe4 40.Kxe4 Kd6 41.Bf1 Nf7 42.g4 Nh6 43.h3 Ng8
44.Kd4 Nf6 45.Bg2 h6 46.g5 Nd7 47.gxh6 gxh6 48.Kc4 Nb6+ 49.Kd4 Nxa4 50.Be4 Nb6
51.f5 exf5 52.Bxf5 Nd5 53.Bc2 Nxb4 54.Bb3 Na6 55.Bd1 Nc5 56.Ke3 Ne6 57.Kf3 Ke5
58.Ba4 c5 59.Ke3 Nf4 60.Bd7 a5 61.h4 Ng2+ 62.Kd3 Kd5 63.Bc8 c4+ 64.Kc3 Kc5
65.Bh3 Ne3 66.Be6 Nd5+ 67.Kc2 Kd4 68.Kb2 Nf4 69.Bf7 Kd3  0-1

[Event "Landesliga N9596 Bayern"]
[Site "Germany"]
[Date "1995.??.??"]
[Round "?"]
[White "Meulner, Klaus"]
[Black "Fodre, Sandor"]
[Result "1-0"]
[WhiteElo "2135"]
[BlackElo "2265"]

1.c4 e5 2.g3 f5 3.Bg2 Nf6 4.Nc3 d6 5.e3 Be7 6.Nge2 c6 7.d4 Qc7 8.O-O O-O
9.b4 Be6 10.d5 Bf7 11.Bb2 Nbd7 12.Rc1 c5 13.b5 g5 14.f4 gxf4 15.gxf4 e4 16.Ng3 Bg6
17.Bh3 Ne8 18.Kh1 Ng7 19.Rg1 Rf7 20.Rc2 Kf8 21.Rcg2 Nf6 22.Ncxe4 fxe4 23.f5 Nge8
24.fxg6 hxg6 25.Be6 Rh7 26.Qf1 Bd8 27.Nxe4 Ke7 28.Nxf6  1-0

[Event "Landesliga N9596 Bayern"]
[Site "Germany"]
[Date "1995.??.??"]
[Round "?"]
[White "Bucka, Reinhard"]
[Black "Kammer, Thomas"]
[Result "1-0"]
[WhiteElo "2120"]
[BlackElo "1985"]

1.c4 e5 2.g3 Nc6 3.Bg2 d6 4.Nc3 Be6 5.b3 Qd7 6.Nf3 Bh3 7.O-O h5 8.e3 h4 9.d4 hxg3
10.fxg3 Bxg2 11.Kxg2 Nf6 12.Nh4 Be7 13.d5 Nb8 14.Qf3 Qg4 15.Qxg4 Nxg4 16.Nf3 a6
17.e4 Nd7 18.h3 Ngf6 19.Be3 b6 20.b4 O-O 21.Nd2 Nh7 22.Nf3 Nhf6 23.a4 a5
24.b5 Nh7 25.h4 f6 26.g4 g6 27.Kh3 Rf7 28.Ne2 Kg7 29.Ng3 Re8 30.h5 g5 31.Rh1 Bf8
32.Kg2 Kh8 33.Nf5 Rc8 34.Raf1 Kg8 35.Ng3 Ra8 36.Rf2 Rc8 37.Rhf1 Be7 38.Bxg5 Rg7
39.Bh6 Rxg4 40.Kh3 Rxg3+ 41.Kxg3 Nc5 42.Nd2 Nxa4 43.Rg2 Ng5 44.Bxg5 fxg5
45.Rgf2 Rf8 46.Rxf8+ Bxf8 47.Kg4 Be7 48.h6  1-0

[Event "BL2-S9495"]
[Site "Germany"]
[Date "1995.??.??"]
[Round "?"]
[White "Stoll, Ferdinand"]
[Black "Kaiser, Wolfgang"]
[Result "0-1"]
[WhiteElo "2230"]
[BlackElo "2365"]

1.c4 e5 2.g3 Nc6 3.Bg2 f5 4.Nc3 Nf6 5.e3 g6 6.Nge2 Bg7 7.O-O O-O 8.Rb1 d6
9.d3 Be6 10.Nd5 Qd7 11.b4 Nd8 12.b5 Nh5 13.f4 c6 14.bxc6 bxc6 15.Ndc3 Rc8
16.Qa4 Kh8 17.Ba3 Re8 18.Rfc1 exf4 19.exf4 Nf6 20.Qc2 Bg8 21.Re1 Ng4 22.Bf3 Ne6
23.Bxg4 fxg4 24.Bb2 d5 25.cxd5 cxd5 26.Qa4 Qxa4 27.Nxa4 Bxb2 28.Rxb2 Nd4
29.Kf2 Nf3 30.Rh1 d4 31.h3 Bd5 32.hxg4 Ne5 33.Rd1 Nxg4+ 34.Kg1 Re3 35.Nxd4 Rxg3+
36.Kf1 Ne3+ 37.Kf2 Nxd1+ 38.Kxg3 Nxb2 39.Nxb2 Bxa2  0-1

[Event "BL2-S9495"]
[Site "Germany"]
[Date "1995.??.??"]
[Round "?"]
[White "Stoll, Ferdinand"]
[Black "Messmer, Martin"]
[Result "1/2-1/2"]
[WhiteElo "2230"]
[BlackElo "2315"]

1.c4 e5 2.g3 Nc6 3.Bg2 g6 4.Nc3 Bg7 5.d3 d6 6.Nf3 Nge7 7.O-O O-O 8.Rb1 Nd4
9.b4 a6 10.a4 c6 11.Bg5 h6 12.Bxe7 Qxe7 13.Nxd4 exd4 14.Ne4 Be6 15.b5 axb5
16.axb5 d5 17.bxc6 dxe4 18.cxb7 Rab8 19.Bxe4 Bxc4 20.Qa4 Be6 21.Rfc1 Qd7
22.Qa5 Qd8 23.Rc7 Qg5 24.Rc5 Qd8 25.Rc7 Qd6 26.Rc6 Qd8 27.Rc7  1/2-1/2

[Event "Oberliga Ost A9495"]
[Site "Germany"]
[Date "1995.??.??"]
[Round "?"]
[White "Schaller, Sven"]
[Black "Wichmann, Cliff"]
[Result "1-0"]
[WhiteElo "2295"]
[BlackElo "2220"]

1.c4 e5 2.g3 Nc6 3.Bg2 Nf6 4.Nf3 d5 5.cxd5 Nxd5 6.O-O Nb6 7.d3 Be7 8.Nc3 Be6
9.Be3 f6 10.a3 O-O 11.Rc1 Nd5 12.Nxd5 Bxd5 13.Qc2 Rf7 14.Rfd1 Qd7 15.Qc3 Qe6
16.Rd2 Bf8 17.b4 a6 18.Rb2 Na7 19.a4 Nc8 20.Bc5 Nd6 21.Nd2 Bxg2 22.Kxg2 b6
23.Bxd6 Bxd6 24.Qc6 Qe8 25.Ne4 Bf8 26.Rb3 Qxc6 27.Rxc6 a5 28.b5 Bb4 29.Rb2 Rd8
30.Rbc2 Rdd7 31.g4 Kf8 32.h4 Ke8 33.h5 h6 34.R2c4 Kd8 35.Ng3 Rd5 36.Kf3 Rfd7
37.Ke4 Be1 38.Nh1 Bb4 39.Kf5 Bc5 40.Kg6 Ke8 41.f3 R5d6 42.Ng3 Rxc6 43.bxc6 Rf7
44.Nf5 Kf8 45.e3 Kg8 46.d4 Bb4 47.Rc2 Rf8 48.Nxg7 exd4 49.exd4 f5 50.Nxf5 Re8
51.Nxh6+ Kf8 52.Nf5  1-0

[Event "Landesliga S9495 Bayern"]
[Site "Germany"]
[Date "1995.??.??"]
[Round "3"]
[White "Zahn, Wolfgang"]
[Black "Hartmann, Wolfram"]
[Result "1-0"]
[WhiteElo "2220"]
[BlackElo "2170"]

1.c4 e5 2.g3 d6 3.Bg2 g6 4.Nc3 c5 5.e3 Nc6 6.Nge2 Bg7 7.O-O Nge7 8.b3 O-O
9.Bb2 f5 10.Nd5 Rb8 11.d4 f4 12.gxf4 exd4 13.Qd2 Nf5 14.Kh1 Qh4 15.b4 b6
16.b5 Nd8 17.exd4 Ne6 18.dxc5 bxc5 19.Bxg7 Kxg7 20.Rae1 Bb7 21.Ng3 Nfd4 22.f5 gxf5
23.f4 Kh8 24.Ne2 Rf7 25.Nxd4 Nxd4 26.Re3 Rg8 27.Rh3 Qg4 28.Rg3 Qe2 29.Rxg8+ Kxg8
30.Qxe2 Nxe2 31.Nf6+ Rxf6 32.Bxb7 Nc3 33.Kg2 Kf8 34.Rf3 Rf7 35.Rxc3 Rxb7
36.Ra3 Kf7 37.Ra6 Ke6 38.Kf3 Rg7 39.a4 Rb7 40.Rc6 Kd7  1-0

[Event "Mittelfranken-ch"]
[Site "Germany"]
[Date "1995.??.??"]
[Round "3"]
[White "Kotissek, Philipp"]
[Black "Erlbeck, Peter"]
[Result "0-1"]
[WhiteElo "2035"]
[BlackElo "2100"]

1.c4 e5 2.g3 Nc6 3.Bg2 f5 4.Nc3 Nf6 5.d3 Bc5 6.e3 O-O 7.Nge2 d6 8.O-O Qe8
9.Nd5 Nxd5 10.cxd5 Nd8 11.Kh1 Bb6 12.b3 Rf6 13.Qc2 Qh5 14.f4 Rh6 15.h3 Nf7
16.Ng1 g5 17.Qe2 Qg6 18.Bb2 Bd7 19.d4 e4 20.a4 a5 21.Qf2 g4 22.h4 Nh8 23.Ne2 Qf7
24.Nc3 Ng6 25.Qe2 Kh8 26.Kg1 Qf6 27.Qf2 Rg8 28.Rfc1 Be8 29.Qf1 Nxh4 30.gxh4 Qxh4
31.Qe1 g3 32.Rc2 Bh5 33.Nxe4 fxe4 34.Bxe4 Bg6  0-1

[Event "Mittelfranken-ch"]
[Site "Germany"]
[Date "1995.??.??"]
[Round "8"]
[White "Willim, Michael"]
[Black "Kotissek, Philipp"]
[Result "1/2-1/2"]
[WhiteElo "1920"]
[BlackElo "2035"]

1.c4 e5 2.g3 f5 3.Bg2 Nf6 4.e3 g6 5.Ne2 Bg7 6.Nbc3 O-O 7.O-O d6 8.d3 Nc6
9.Rb1 a5 10.a3 Ne7 11.b4 axb4 12.axb4 c6 13.Bb2 Be6  1/2-1/2

[Event "Giessen op"]
[Site "Giessen"]
[Date "1995.??.??"]
[Round "4"]
[White "Reschke, Stefan"]
[Black "Bartels, Frank"]
[Result "1/2-1/2"]
[WhiteElo "2405"]
[BlackElo "2355"]

1.c4 e5 2.g3 Nc6 3.Bg2 g6 4.Nc3 Bg7 5.d3 d6 6.Rb1 Nf6 7.b4 a6 8.Nf3 O-O 9.O-O h6
10.a4 Be6 11.b5 axb5 12.axb5 Ne7 13.Bb2 Qd7 14.Ra1 Bh3 15.Qb3 Bxg2 16.Kxg2 Qe6
17.Nd2 Nd7 18.Ba3 f5 19.c5 Nxc5 20.Bxc5 Qxb3 21.Nxb3 dxc5 22.Nxc5 Rxa1 23.Rxa1 e4
24.Ra3 exd3 25.Nxd3 Bd4 26.Kf3 Rd8 27.g4 Nd5 28.Nxd5 Rxd5 29.e3 Bb6 30.Rb3 fxg4+
31.Kxg4 Kg7 32.h4 Kf6 33.e4 Rd4 34.f3 h5+ 35.Kf4 Ra4 36.Nb4 c6 37.bxc6 Bc7+
38.Ke3 bxc6 39.f4 Ra1 40.Rc3 Re1+ 41.Kf3 Ke6 42.Nd3 Rg1 43.Rxc6+ Kd7 44.Rc2 Rd1
45.Ke3 Rh1 46.Rg2 Rh3+ 47.Kd4 Rxh4 48.Ne5+ Ke8 49.Nxg6 Rg4 50.Rxg4 hxg4 51.Ke3 Kf7
52.Nh4 Kf6 53.Ng2 Bb6+ 54.Ke2 Kg6 55.Ne3 Kh5 56.Nf5 g3 57.Kf3 g2 58.Ng3+ Kh4
59.Kxg2 Kg4 60.Ne2 Bc7 61.f5 Bb6 62.Nc3 Kf4 63.f6 Bc5 64.Kh3 Ke5 65.Kg4 Kxf6
66.Kf4 Bd6+ 67.Ke3 Ke5 68.Kd3 Bb4 69.Nd1 Bc5 70.Nb2 Bf8 71.Ke3 Bh6+ 72.Kf3 Kd4
73.Nd1 Bc1 74.Nf2 Ba3 75.Kf4 Bd6+ 76.Kf5 Bg3 77.Nh3 Bb8 78.Nf4 Kc5 79.Nd3+ Kd4
80.Nb4 Bh2  1/2-1/2

[Event "Graz op"]
[Site "Graz"]
[Date "1995.??.??"]
[Round "3"]
[White "Lerner, Konstantin Z"]
[Black "Kumaran, Dharshan"]
[Result "0-1"]
[WhiteElo "2605"]
[BlackElo "2500"]

1.c4 e5 2.g3 Nf6 3.Bg2 Nc6 4.Nc3 Bc5 5.e3 O-O 6.Nge2 d6 7.a3 a5 8.b3 Re8
9.d3 Ba7 10.O-O Bf5 11.h3 h6 12.Kh2 e4 13.dxe4 Nxe4 14.Bb2 Nc5 15.Nb5 Bb6
16.Nbd4 Nxd4 17.Nxd4 Bd3 18.Rg1 Bg6 19.Ra2 Ne4 20.Qe2 c6 21.Rd1 Qe7 22.Ba1 Rad8
23.Qf3 Qg5 24.h4 Qh5 25.Qxh5 Bxh5 26.Rg1 Bg6 27.g4 Bc7 28.Nf5 d5+ 29.f4 f6
30.h5 Bh7 31.Rd1 Bxf5 32.gxf5 Nd6 33.cxd5 Nxf5 34.Rg1 Rxe3 35.Rf2 cxd5 36.Rd1 Ne7
37.Bd4 Rxb3 38.Kh1 Bb6 39.Re2 Kf8 40.Bb2 Nf5 41.Bxd5 Rxd5  0-1

[Event "Wch U18"]
[Site "Guarapuava"]
[Date "1995.??.??"]
[Round "1"]
[White "Hagesaether, Paal Vegard"]
[Black "Ruck, Robert"]
[Result "0-1"]
[WhiteElo "2155"]
[BlackElo "2480"]

1.c4 e5 2.g3 Nf6 3.Bg2 d5 4.cxd5 Nxd5 5.Nc3 Nb6 6.Nf3 Nc6 7.d3 Be7 8.O-O O-O
9.a3 Re8 10.b4 Bf8 11.Bb2 a5 12.b5 Nd4 13.a4 Bg4 14.Re1 Bb4 15.h3 Nxf3+ 16.exf3 Bf5
17.f4 exf4 18.Rxe8+ Qxe8 19.g4 Bg6 20.Bxb7 Rd8 21.Ne4 Nc4 22.Bf6 Bxe4 23.Bxd8 Bxb7
24.dxc4 Qe4 25.f3 Qe3+ 26.Kg2 Bc5 27.Bh4 h6 28.Qf1 Qd2+ 29.Bf2 Bxf3+ 30.Kg1 Bd4
31.Re1 Be3 32.c5 h5 33.gxh5 Qd8 34.c6 Be4 35.Kh2 Qd6 36.Rd1 Qe5 37.Re1 Qb2
38.Kg1 Qf6 39.Kh2 Qb2 40.Re2 Qe5 41.Re1 Bf3 42.h6 Qb2 43.Kg1 Qf6 44.hxg7 Qh4
45.Rxe3 Qg5+ 46.Kh2 fxe3 47.Bg3 Qd5 48.Be1 Qe5+ 49.Bg3 Qb2+ 50.Kg1 Bd5 51.Bxc7 e2
52.Qe1 Qd4+ 53.Kh2 Qe4 54.Kg3 Qe3+ 55.Kg4 Be6+ 56.Kh5 Qxh3+ 57.Kg5 Qf5+  0-1

[Event "Wch U18"]
[Site "Guarapuava"]
[Date "1995.??.??"]
[Round "2"]
[White "Ruck, Robert"]
[Black "Shliperman, Igor"]
[Result "1/2-1/2"]
[WhiteElo "2480"]
[BlackElo "2350"]

1.c4 e5 2.g3 Nc6 3.Bg2 Nf6 4.Nc3 Bb4 5.Nd5 Be7 6.d3 O-O 7.Nf3 d6 8.Nxe7+ Qxe7
9.O-O Nd7 10.b3 f5 11.Bb2 Nf6 12.Qd2 Bd7 13.b4 Nd8 14.Qc3 Nf7 15.e3 c6 16.Nd2 Rae8
17.Rae1 Qd8 18.f4 Re7 19.e4 Nh6 20.c5 dxc5 21.fxe5 Nfg4 22.Qxc5 fxe4 23.Nxe4 b6
24.Qc4+ Be6 25.Qxc6 Rxf1+ 26.Rxf1 Bxa2 27.Qd6 Qe8 28.Ng5 Ne3 29.Rf3 Nhf5
30.Rxf5 Nxf5 31.Qc6 Qxc6 32.Bxc6 Rc7 33.Be4 g6 34.Nh3 Rc2 35.Ba3 Rc3 36.Bb2 Rc2
37.Ba3  1/2-1/2

[Event "Wch U18"]
[Site "Guarapuava"]
[Date "1995.??.??"]
[Round "6"]
[White "Ruck, Robert"]
[Black "Rowson, Jonathan"]
[Result "0-1"]
[WhiteElo "2480"]
[BlackElo "2400"]

1.c4 e5 2.g3 d6 3.Bg2 f5 4.Nc3 Nf6 5.d4 Be7 6.Nf3 e4 7.Ng5 c6 8.Nh3 Na6 9.O-O Nc7
10.d5 b5 11.cxb5 cxb5 12.f3 exf3 13.Bxf3 O-O 14.a3 Nd7 15.Nf4 Ne5 16.Bg2 Rb8
17.Nd3 a5 18.e4 b4 19.axb4 axb4 20.Ne2 Nb5 21.Nef4 fxe4 22.Bxe4 Bg4 23.Nxe5 Bxd1
24.Nc6 Qb6+ 25.Kg2 Rbe8 26.Rxd1 g5 27.Nd3 Bf6 28.Bf3 Nd4 29.Nxd4 Qxd4 30.Nf2 Qc4
31.Ng4 Bg7 32.Ne3 Rxe3  0-1

[Event "Wch U18"]
[Site "Guarapuava"]
[Date "1995.??.??"]
[Round "6"]
[White "Stojanovic, Mihajlo"]
[Black "Vescovi, Giovanni"]
[Result "1-0"]
[WhiteElo "2390"]
[BlackElo "2465"]

1.c4 e5 2.g3 Nc6 3.Bg2 g6 4.e3 Bg7 5.Ne2 Nf6 6.Nbc3 O-O 7.O-O d6 8.d4 Bd7
9.b3 Qc8 10.d5 Nb8 11.e4 a5 12.a3 Na6 13.Rb1 h5 14.Bg5 Nh7 15.Be3 h4 16.gxh4 Qd8
17.h5 Qh4 18.hxg6 Ng5 19.gxf7+ Rxf7 20.Ng3 Nh3+ 21.Kh1 Nf4 22.Rg1 Raf8 23.Nf5 Bxf5
24.exf5 Rxf5 25.Be4 Rh5 26.Bxf4 Rxf4 27.Rg2 Rxe4 28.Nxe4 Qxe4 29.Qxh5 Qxb1+
30.Rg1 Qe4+ 31.f3 Qf4 32.Qe8+ Qf8 33.Qe6+ Qf7 34.Qc8+ Kh7 35.Rg3 Nc5 36.b4 axb4
37.axb4 Qd7 38.Rh3+ Kg6 39.Rg3+ Kh7 40.Rh3+ Kg6 41.Rg3+ Kf7 42.Qb8 Nd3 43.Qxb7 Bf6
44.b5 Bd8 45.Qa7 Nc5 46.Qa8 e4 47.fxe4 Nxe4 48.Rf3+ Kg6 49.Rf8 Bf6 50.Qc8 Qh7
51.Qg4+ Ng5 52.h4 Kg7 53.Rxf6 Kxf6 54.Qxg5+ Kf7 55.Qf4+ Ke8 56.Kg2 Qd3 57.Kf2 Kd8
58.h5 Kc8 59.h6 Kb7 60.Kg2 Qc3 61.Kf2 Qd3 62.b6 Qc2+ 63.Kg3 Kxb6 64.Qf2+  1-0

[Event "Gyongyos op "]
[Site "Gyongyos"]
[Date "1995.??.??"]
[Round "?"]
[White "Ivanov, Oleg"]
[Black "Parkanyi, Attila"]
[Result "1-0"]
[WhiteElo "2425"]
[BlackElo "2360"]

1.c4 e5 2.g3 Nc6 3.Bg2 Nf6 4.d3 d5 5.cxd5 Nxd5 6.Nc3 Be6 7.Nf3 Be7 8.O-O O-O
9.Bd2 h6 10.Nxd5 Bxd5 11.Bc3 Bf6 12.Nd2 Bxg2 13.Kxg2 Nd4 14.b4 g6 15.Bxd4 exd4
16.Qb3 c6 17.Nf3 Re8 18.Rfe1 Qd6 19.Rac1 Re7 20.Rc2 Bg7 21.Qc4 a6 22.a4 Qd7
23.Rb1 Rae8 24.Rbb2 Re6 25.Qc5 Rd6 26.Qb6 Bf6 27.Rc4 Bd8 28.Qa7 Bf6 29.Rbc2 Re7
30.b5 axb5 31.axb5 Qe8 32.bxc6 Rxc6 33.Rxc6 bxc6 34.Qa2 Rc7 35.Qc4 c5 36.Nd2 Qc6+
37.Ne4 Be7 38.Ra2 Qe6 39.Qxe6 fxe6 40.Nd2 Kf7 41.Kf3 Rd7 42.Ke4 g5 43.Nc4 Kf6
44.Ne5 Rb7 45.Ng4+ Kg7 46.f4 h5 47.Ne5 gxf4 48.Kxf4 Bd6 49.Ke4 Kf6 50.Nc4 Bc7
51.Rb2 Rxb2 52.Nxb2 Kg5 53.Kf3 h4 54.Nc4 hxg3 55.hxg3 Kf6 56.Kg4 Kg6 57.Nd2 Bb6
58.Ne4 Ba7 59.Kf4 Bb8+ 60.Kf3 Ba7  1-0